Statistics for Leo Tolstoy Bibliography

Click here to take the quiz!

General Stats

  • This quiz has been taken 90 times
  • The average score is 6 of 117

Answer Stats

TypeYearName% Correct
Novel1869War and Peace
95%
Novel1877Anna Karenina
89%
Novella1886The Death of Ivan Ilyich
45%
Novel1852Childhood
38%
Novel1899Resurrection
33%
Novel1863The Cossacks
32%
Novel1857Youth
30%
Novel1854Boyhood
29%
Novella1889The Kreutzer Sonata
29%
Novella1912Hadji Murat
26%
Art/Literature Work1897What Is Art?
20%
Philosophical Work1893The Kingdom of God Is Within You
18%
Short Story1886How Much Land Does a Man Need?
17%
Novella1859Family Happiness
12%
Short Story1855-1856Sevastopol Sketches
11%
Short Story1852The Raid
11%
Short Story1859Three Deaths: A Tale
8%
Philosophical Work1879A Confession
6%
Short Story1898Father Sergius
6%
Short Story1885Ivan the Fool
6%
Novella1889The Devil
6%
Philosophical Work1881The Gospel in Brief
6%
Short Story1903The Three Questions
6%
Short Story1903After the Ball
5%
Short Story1872God Sees the Truth, But Waits
5%
Short Story1895Master and Man
5%
Short Story1872The Bear-Hunt
5%
Short Story1886The Three Hermits
5%
Short Story1910Three Days in the Village
5%
Short Story1856Two Hussars
5%
Philosophical Work1884What I Believe
5%
Short Story1881What Men Live By
5%
Pedagogical Work1875A New Primer
3%
Pedagogical Work1872A Primer
3%
Short Story1888Kholstomer
2%
Art/Literature Work1909Shakespeare and the Drama
2%
Novella1911The Forged Coupon
2%
Play1890The Light Shines in the Darkness
2%
Play1886The Power of Darkness
2%
Short Story1855A Billiard Marker's Notes
0%
Compilation of Philosophical Work1909A Calendar of Wisdom
0%
Philosophical Work1880A Criticism of Dogmatic Theology
0%
Compilation of Philosophical Work1906A Cycle of Reading
0%
Short Story1856A Landlord's Morning
0%
Short Story1858Albert
0%
Short Story1889A Lost Opportunity
0%
Short Story1905Alyosha the Pot
0%
Philosophical Work1907An Appeal to Youth
0%
Art/Literature Work1897Art and Not Art
0%
Short Story1893A Talk Among Leisured People
0%
Philosophical Work1894Christianity and Patriotism
0%
Philosophical Work1898Christian Teaching
0%
Philosophical Work1882Church and State
0%
Short Story1886Croesus and Fate
0%
Short Story1906Divine and Human
0%
Philosophical Work1906Do Not Kill
0%
Short Story1903Esarhaddon, King of Assyria
0%
Short Story1885Evil Allures, But Good Endures
0%
Short Story1892Françoise
0%
Philosophical Work1896How to Read the Gospels
0%
Short Story1885Ilyás
0%
Philosophical Work1898Letter to the Liberals
0%
Philosophical Work1906Love Each Other
0%
Short Story1857Lucerne
0%
Short Story1856Meeting a Moscow Acquaintance in the Detachment
0%
Short Story1884Memoirs of a Madman
0%
Philosophical Work1893Non-Activity
0%
Philosophical Work1896Non-Resistance: Letter to Ernest H. Crospy
0%
Philosophical Work1887On Life
0%
Pedagogical Work1874On Popular Instruction
0%
Philosophical Work1901On Religious Toleration
0%
Philosophical Work1900On Suicide
0%
Short Story1863Polikúshka
0%
Short Story1886Promoting a Devil
0%
Short Story1885Quench the Spark
0%
Philosophical Work1894Reason and Religion
0%
Philosophical Work1894Religion and Morality
0%
Short Story1886Repentance
0%
Philosophical Work1901Reply to the Holy Synod
0%
Play1910The Cause of it All
0%
Short Story1893The Coffee-House of Surrat
0%
Philosophical Work1896The Deception of the Church
0%
Short Story1891The Empty Drum
0%
Play1886The First Distiller
0%
Philosophical Work1892The First Step: On Vegetarianism
0%
Philosophical Work1881The Four Gospel Unified and Translated
0%
Play1891The Fruits of Enlightenment
0%
Short Story1886The Godson
0%
Short Story1886The Grain
0%
Philosophical Work1905The Grate Sin
0%
Philosophical Work1908The Law of Love and the Law of Violence
0%
Play1900The Living Corpse
0%
Philosophical Work1889The Love of God and of One's Neighbour
0%
Philosophical Work1893The Meaning of Refusal of Military Service
0%
Philosophical Work1909The Only Command
0%
Philosophical Work1905The Only Need
0%
Philosophical Work1901The Only Way
0%
Short Story1905The Posthumous Notes of the Starets Feodor Kuzmich
0%
Novella1872The Prisoner in the Caucasus
0%
Philosophical Work1900The Slavery of Our Times
0%
Short Story1856The Snowstorm
0%
Philosophical Work1888The Triumph of the Farmer or Industry and Parasitism
0%
Short Story1855The Wood-Felling
0%
Art/Literature Work1894The Works of Guy de Maupassant
0%
Philosophical Work1904Thoughts of Wise Men
0%
Philosophical Work1900Thou Shalt Not Kill
0%
Short Story1897Too Dear!
0%
Philosophical Work1903To the Orthodox Clergy
0%
Short Story1893Walk in the Light While There is Light
0%
Short Story1906What For?
0%
Philosophical Work1902What Is Religion and What is its Essence?
0%
Philosophical Work1886What Is To Be Done?
0%
Short Story1885Where Love Is, God Is
0%
Philosophical Work1890Why Do Men Intoxicate Themselves?
0%
Short Story1885Wisdom of Children
0%
Short Story1903Work, Death, and Sickness
0%
Pedagogical Work1861-1862Yasnaya Polyana
0%

Score Distribution

Percentile by Number Answered

Percent of People with Each Score

Your Score History

You have not taken this quiz